| 000 | 00927nam0a22002531 4500 | ||
|---|---|---|---|
| 001 | rc\4909664 | ||
| 005 | 20250613035209.0 | ||
| 021 |
_aRU _b[57-17610] |
||
| 035 | _a(NLR Aleph) 008934305 | ||
| 090 |
_a8904916 _c8904916 |
||
| 100 | _a20130426d1957 |||y0rusy50 ca | ||
| 101 | 0 | _arus | |
| 102 | _aRU | ||
| 105 | _ay z ||||| | ||
| 200 | 1 |
_aФизические факторы в лечении больных гипертонической болезнью _e(Сборник статей) _fПод общ. ред. проф. А.Н. Обросова |
|
| 210 |
_aМосква _cМедгиз _d1957 |
||
| 215 |
_a164 с. _cграф. _d21 |
||
| 606 |
_aГипертония _xЛечение курорто-физиотерапевтическое _jСборники _2psbo |
||
| 702 | 1 |
_aОбросов _bА.Н. _4340 |
|
| 801 | 0 |
_aRU _bNLR _gpsbo |
|
| 801 | 1 |
_aRU _bELAR _2rusmarc |
|
| 852 |
_aNLR _j57-3/1579 |
||
| 942 | _cBOOK | ||
| 980 | _aNB | ||